000 00222nam a2200097 a 4500
005 20200930070023.0
008 110817s2004 000 spa d
245 3 _aLa vida itinerante.
260 _c[s.f.].
999 _c32578
_d32578
040 _aDO-SdBNP